Economic advisory council 1930-1939 (Record no. 804658)

MARC details
000 -LEADER
fixed length control field 00652nam a2200229Ia 4500
003 - CONTROL NUMBER IDENTIFIER
control field OSt
005 - DATE AND TIME OF LATEST TRANSACTION
control field 20220928135108.0
008 - FIXED-LENGTH DATA ELEMENTS--GENERAL INFORMATION
fixed length control field 220927b |||||||| |||| 00| 0 eng d
037 ## - SOURCE OF ACQUISITION
Terms of availability Textual
040 ## - CATALOGING SOURCE
Original cataloging agency SDCL
Transcribing agency SDCL
Language of cataloging eng
041 ## - LANGUAGE CODE
Source of code eng
Language code of text/sound track or separate title eng
100 ## - MAIN ENTRY--PERSONAL NAME
Personal name Howson Susan
9 (RLIN) 489361
245 #0 - TITLE STATEMENT
Title Economic advisory council 1930-1939
Remainder of title A study in economic advice during depression and recovery
260 ## - PUBLICATION, DISTRIBUTION, ETC.
Date of publication, distribution, etc. 1977
700 ## - ADDED ENTRY--PERSONAL NAME
Personal name Winch Donald
9 (RLIN) 489362
942 ## - ADDED ENTRY ELEMENTS (KOHA)
Classification part X.3'N3, L7
Koha item type Textual
Source of classification or shelving scheme Colon Classification (CC)
Holdings
Withdrawn status Lost status Damaged status Not for loan Home library Current library Date acquired Total Checkouts Full call number Barcode Date last seen Price effective from Koha item type
        South Campus Library South Campus Library 2022-09-28   X.3'N3 L7 SC0457374 2022-09-28 2022-09-28 Textual
Copyright @ Delhi University Library System